CUET Common University Entrance Test: (Record no. 200396)

MARC details
000 -LEADER
fixed length control field 00610nam a22002057a 4500
005 - DATE AND TIME OF LATEST TRANSACTION
control field 20240129121841.0
010 ## - LCCN (DPL NO)
LC control number ENG-139035
020 ## - INTERNATIONAL STANDARD BOOK NUMBER
International Standard Book Number 97893944406193
Terms of availability 349.00
035 ## - SYSTEM CONTROL NUMBER
System control number EN-122567
037 ## - SOURCE OF ACQUISITION
Source of stock number/acquisition DBAD/PUB
082 ## - DEWEY DECIMAL CLASSIFICATION NUMBER
Classification number 530
Edition number 1
100 ## - MAIN ENTRY--PERSONAL NAME
Personal name S. MALHOTRA
245 ## - TITLE STATEMENT
Title CUET Common University Entrance Test:
Remainder of title Physics/
250 ## - EDITION STATEMENT
Edition statement 1
260 ## - PUBLICATION, DISTRIBUTION, ETC. (IMPRINT)
Place of publication, distribution, etc New Delhi
Name of publisher, distributor, etc Laxmi Publication
270 ## - ADDRESS
Address 113, GOLDEN HOUSE, GURUDWARA ROAD, DARYAGANJ
City New Delhi
Postal code 110002
300 ## - PHYSICAL DESCRIPTION
Extent 300 p.
Dimensions 27 cm(pbk)
700 ## - ADDED ENTRY--PERSONAL NAME
Personal name Gilberg, Richard F.
Relator term Author
9 (RLIN) 61255
942 ## - ADDED ENTRY ELEMENTS (KOHA)
Source of classification or shelving scheme Dewey Decimal Classification
Item type English Books
Classification part 530
Call number suffix MAL
Holdings
Withdrawn status Lost status Not for loan Collection code Home library Current library Date acquired Source of acquisition Cost, normal purchase price Full call number Barcode Copy number Cost, replacement price Koha item type
      Non-fiction Sarojini Nagar Sarojini Nagar 25/01/2024 DBAD/PUB 349.00 530 MAL EN-122567 1 349.00 English Books

© Delhi Public Library
Hit Counter
free hit counter